000 01000cab a2200253 4500
001 WB2746-41
008 090401t1991 xxu||||| |||| 00| 0 eng d
035 _a(Sirsi) u50548
041 _aeng
245 _aDefence of modern farming
260 _c1991
350 _a0
490 _aFinancial Times
_v26 November 1991, 32(1)
490 _aRICS Press Release
_v(116) 25 November 1991 (3)
520 _aA report by the Royal Agricultural Society of England maintains that the image of the environmentally unfriendly farmer is a misconception and warns of loss of profits and productivity if intensive farming methods are abandoned. ("The state of agriculture in the United Kingdom", RASE, Stoneleigh, Warwickshire, CV8 2LZ £10)
650 _aGREEN ISSUES
650 _aINTENSIVE FARMING
650 _aORGANIC FARMING
650 _aROYAL AGRICULTURAL SOCIETY OF ENGLAND
690 _aENVIRONMENTAL AND LAND CONSULTANCY
690 _aRURAL PRACTICE
942 _n0
948 _c04/03/1997
999 _c31544
_d31544